History Quiz

Random History or Country Quiz

Countries of the Byzantine Empire Quiz Stats

 Plays Quiz not verified by Sporcle

Score 0/38 Timer 04:00
2 Plays Today
Modern Country % Correct
Turkey
97.8%
Greece
96.7%
Italy
95.2%
Egypt
93.2%
Bulgaria
92.2%
Israel
92%
Serbia
90.9%
Syria
90.6%
Iraq
90.5%
Croatia
90.3%
Romania
90%
Albania
89.4%
Libya
88.6%
Russia
88.5%
Armenia
87.8%
North Macedonia
87.7%
Bosnia and Herzegovina
86.8%
Cyprus
86.7%
Tunisia
86.6%
Modern Country % Correct
Spain
86.5%
Algeria
86.4%
Lebanon
85.6%
Georgia
85.1%
France
85.1%
Slovenia
85.1%
Jordan
84.9%
Ukraine
84.7%
Montenegro
84.4%
Morocco
83.8%
Palestine
81.5%
Kosovo
81.1%
Saudi Arabia
79.9%
Malta
79.8%
Moldova
75.7%
Portugal
74.1%
San Marino
70.2%
Vatican City
69.1%
Monaco
64.7%

You're not logged in!

Compare scores with friends on all Sporcle quizzes.
OR
Log In

You Might Also Like...

Show Comments

Extras

Top Quizzes Today


Score Distribution

Your Account Isn't Verified!

In order to create a playlist on Sporcle, you need to verify the email address you used during registration. Go to your Sporcle Settings to finish the process.

Report this User

Report this user for behavior that violates our Community Guidelines.

Details: